000 01056nac a22003377a 4500
001 BR0703697
003 BR-BrBNA
005 20240105123429.0
008 230509b bl.|||m| |||| 00| 0 por d
040 _aBR-BrBNA
_bpor
_cBiblioteca Nacional de Agricultura
072 _aH10
090 _a0940 BR0703697
100 1 _aBotton, M.
100 1 _aTeixeira, I.
100 1 _aAfonso, A.P.
110 1 _aEMBRAPA Uva e Vinho, Bento Gonçalves, RS (Brasil)
245 1 _aBioecologia e controle da cochonilha-parda Parthenolecanium persicae (Fabricius, 1776)(Hemiptera: Coccidae)na cultura da videira
260 3 _aBento Gonçalves, RS (Brasil):
_c2002.
300 _a4 p.
490 _aComunicado Técnico - EMBRAPA Uva e Vinho (Brazil)
_vno. 44
_xISSN 1516-8093
650 _aUVA
650 _aCOCHONILHA PARDA
650 _aHEMIPTERA
650 _aINSETO
650 _aCONTROLE CULTURAL
650 _aINSETICIDA
650 _aBIOLOGIA
650 _aECOLOGIA
909 _a202312
_bLúcia Elande
_c55
_dLúcia Elande
942 _2AGRIS
_n0
_cMS
999 _c295408
_d295408